<?xml version="1.0" encoding="UTF-8"?>
<collection xmlns="http://www.loc.gov/MARC21/slim">
    <record>
        <controlfield tag="001">65768</controlfield>
        <controlfield tag="005">20180223102743.0</controlfield>
        <datafield tag="037" ind1=" " ind2=" ">
            <subfield code="a">GDOC-2016-25941</subfield>
        </datafield>
        <datafield tag="041" ind1=" " ind2=" ">
            <subfield code="a">spa</subfield>
        </datafield>
        <datafield tag="100" ind1=" " ind2=" ">
            <subfield code="1">144626</subfield>
            <subfield code="a">Galvez Galve, Juan Jose</subfield>
        </datafield>
        <datafield tag="245" ind1="0" ind2="0">
            <subfield code="9">25941</subfield>
            <subfield code="a">Terapias cognitivas y conductuales</subfield>
        </datafield>
        <datafield tag="260" ind1=" " ind2=" ">
            <subfield code="a">Zaragoza</subfield>
            <subfield code="b">Universidad de Zaragoza</subfield>
            <subfield code="c">2016-2017</subfield>
        </datafield>
        <datafield tag="520" ind1=" " ind2=" ">
            <subfield code="a">Breve presentación de la asignatura
La evaluación psicológica en niños puede tener como resultado el diagnóstico, el grado de un déficit, la elaboración de un informe con fines diversos (judicial, etc.).
Las psicopatologías más importantes y frecuentes han sido vistas en la asignatura de Psicopatología del Ciclo Vital. Por lo que en esta asignatura se abordarán aspectos necesarios para el psicodiagnóstico en niños, y patologías de menor frecuencia, pero de igual importancia.
Generalmente incluye una entrevista preliminar y la aplicación de diferentes tests, según las variables que se precisen evaluar: rasgos de personalidad, nivel de atención, de inteligencia (coeficiente intelectual), depresión, ansiedad, etc. También puede incluir pruebas neuropsicológicas para evaluar, establecer, localizar y medir alguna irregularidad psico-orgánica. El examen psicológico no es un proceso terapéutico en sí mismo, sino que pretende precisar un diagnóstico, indicar un tratamiento, una psicoterapia o una reeducación neuropsicológica.
También puede ser parte de un peritaje judicial, civil o penal.
La evaluación concluye con un informe escrito que deberá poder ser comunicado al paciente quien deberá conocer sus repercusiones y, en su caso, ser remitido a la institución que lo haya solicitado.</subfield>
            <subfield code="b"> </subfield>
        </datafield>
        <datafield tag="521" ind1=" " ind2=" ">
            <subfield code="9">103</subfield>
            <subfield code="a">Psicología</subfield>
        </datafield>
        <datafield tag="540" ind1=" " ind2=" ">
            <subfield code="a">by-nc-sa</subfield>
            <subfield code="b">Creative Commons</subfield>
            <subfield code="c">3.0</subfield>
            <subfield code="u">http://creativecommons.org/licenses/by-nc-sa/3.0/</subfield>
        </datafield>
        <datafield tag="830" ind1=" " ind2=" ">
            <subfield code="9">270</subfield>
        </datafield>
        <datafield tag="856" ind1="4" ind2=" ">
            <subfield code="s">19998</subfield>
            <subfield code="u">http://zaguan.unizar.es/record/65768/files/guia-25941-es.pdf</subfield>
            <subfield code="y">Guía (idioma español)</subfield>
        </datafield>
        <datafield tag="856" ind1="4" ind2=" ">
            <subfield code="s">6260</subfield>
            <subfield code="u">http://zaguan.unizar.es/record/65768/files/guia-25941-en.pdf</subfield>
            <subfield code="y">Guide (english)</subfield>
        </datafield>
        <datafield tag="970" ind1=" " ind2=" ">
            <subfield code="a">GDOC-2016-25941</subfield>
        </datafield>
        <datafield tag="980" ind1=" " ind2=" ">
            <subfield code="a">GDOC</subfield>
            <subfield code="b">Ciencias sociales y jurídicas</subfield>
            <subfield code="c">301</subfield>
        </datafield>
    </record>

    
</collection>